[Event "CHI-ch sf"]
[Site "Talca"]
[Date "2020.01.16"]
[Round "3"]
[White "Basualto Penalieres, Pedro Jaime"]
[Black "Gonzalez Gonzalez, Nicolas"]
[Result "1-0"]
[WhiteElo "2115"]
[BlackElo "1622"]
[PlyCount "79"]
[EventDate "2020.01.15"]
[EventType "swiss"]
[EventRounds "9"]
[EventCountry "CHI"]
[SourceTitle "CBM 194 Extra"]
[Source "ChessBase"]
[SourceDate "2020.03.31"]
[SourceVersion "1"]
[SourceVersionDate "2020.03.31"]
[SourceQuality "1"]

1. e4 c5 2. f4 Nc6 3. Nf3 d6 4. g3 g6 5. Bg2 Bg7 6. 0-0 f5 7. d3 Nf6 8. Nc3 0-0 9. Kh1 a6 10. Re1 Ng4 11. Qd2 e5 12. h3 Nh6 13. fxe5 dxe5 14. exf5 Bxf5 15. g4 Nxg4 16. hxg4 Bxg4 17. Nh2 Qh4 18. Re4 h5 19. Qe1 Qxe1+ 20. Rxe1 Nd4 21. Nxg4 Nxc2 22. Be3 Nxe1 23. Rxe1 hxg4 24. Bxb7 Rab8 25. Bd5+ Kh7 26. b3 Rfd8 27. Kg2 Rxd5 28. Nxd5 Rd8 29. Nb6 Rxd3 30. Nc4 Rd5 31. Kg3 g5 32. Bxg5 Kg6 33. Be3 Kf5 34. Rf1+ Kg6 35. Kxg4 e4 36. Rg1 Bh6 37. Bxh6 Kxh6 38. Kf4 Rd4 39. Rg2 a5 40. Nxa5 1-0

[Event "South America-ch U14 13th"]
[Site "Santiago de Chile"]
[Date "2016.12.04"]
[Round "5"]
[White "Gonzalez Gonzalez, Nicolas"]
[Black "Gonzalez Gonzalez, Joaquin Patricio"]
[Result "1-0"]
[WhiteElo "1673"]
[BlackElo "1415"]
[PlyCount "40"]
[EventDate "2016.12.01"]
[EventType "swiss"]
[EventRounds "9"]
[EventCountry "CHI"]
[SourceTitle "EXT 2018"]
[Source "ChessBase"]
[SourceDate "2017.10.13"]
[SourceVersion "1"]
[SourceVersionDate "2017.10.13"]
[SourceQuality "1"]

1. e4 e5 2. Nf3 Nc6 3. Bc4 Bc5 4. 0-0 Nf6 5. d3 d6 6. h3 0-0 7. Nc3 Be6 8. Bb3 h6 9. Be3 Bb6 10. Qd2 Re8 11. Ba4 Bd7 12. Rae1 Nh7 13. Bb3 Be6 14. Nd5 Ne7 15. Nxb6 axb6 16. Bxe6 fxe6 17. a3 Ng6 18. Nh2 Rf8 19. g3 Qd7 20. Kg2 d5 1-0

[Event "South America-ch U14 13th"]
[Site "Santiago de Chile"]
[Date "2016.12.03"]
[Round "4"]
[White "Arboleda Orozco, Juan M"]
[Black "Gonzalez Gonzalez, Nicolas"]
[Result "1-0"]
[WhiteElo "1977"]
[BlackElo "1673"]
[PlyCount "53"]
[EventDate "2016.12.01"]
[EventType "swiss"]
[EventRounds "9"]
[EventCountry "CHI"]
[SourceTitle "EXT 2018"]
[Source "ChessBase"]
[SourceDate "2017.10.13"]
[SourceVersion "1"]
[SourceVersionDate "2017.10.13"]
[SourceQuality "1"]

1. e4 c5 2. Nf3 Nc6 3. d4 cxd4 4. Nxd4 g6 5. c4 Bg7 6. Be3 d6 7. Nc3 Nf6 8. Be2 Bd7 9. 0-0 Rc8 10. b3 0-0 11. f3 h5 12. Qd2 Kh7 13. Rad1 Ne5 14. h3 a6 15. f4 Nc6 16. Bf3 Nxd4 17. Bxd4 Bc6 18. Qe3 Nd7 19. Kh1 e5 20. fxe5 Bxe5 21. Nd5 Bxd5 22. Bxe5 dxe5 23. Rxd5 Qe7 24. Qc3 f6 25. Rfd1 Nb6 26. Rd6 Rfd8 27. Rxb6 1-0

[Event "South America-ch U14 13th"]
[Site "Santiago de Chile"]
[Date "2016.12.02"]
[Round "3"]
[White "Gonzalez Gonzalez, Nicolas"]
[Black "Bahamondes Cepeda, Juan Pablo"]
[Result "1-0"]
[WhiteElo "1673"]
[BlackElo "1444"]
[PlyCount "82"]
[EventDate "2016.12.01"]
[EventType "swiss"]
[EventRounds "9"]
[EventCountry "CHI"]
[SourceTitle "EXT 2018"]
[Source "ChessBase"]
[SourceDate "2017.10.13"]
[SourceVersion "1"]
[SourceVersionDate "2017.10.13"]
[SourceQuality "1"]

1. e4 e5 2. Nf3 Nc6 3. Bc4 Bc5 4. 0-0 Nf6 5. d3 h6 6. Nc3 0-0 7. h3 d6 8. Be3 Bb6 9. Qd2 Nd4 10. Bxd4 exd4 11. Ne2 c5 12. Nf4 Bd7 13. e5 dxe5 14. Nxe5 Bc7 15. Nfg6 Bxe5 16. Nxe5 a5 17. Nxd7 Qxd7 18. a4 Nd5 19. Rfe1 Nc7 20. Re5 b6 21. Qf4 Ne6 22. Qg4 Qd6 23. Rae1 Nc7 24. Qh5 Ne6 25. Bxe6 fxe6 26. Rxe6 Qf4 27. Qe2 Rab8 28. g3 Qf5 29. Kg2 Kh8 30. f4 Qd5+ 31. Kg1 Qd7 32. Qe5 Kg8 33. Re7 Qxe7 34. Qxe7 Rf7 35. Qd6 Rbb7 36. Re8+ Kh7 37. h4 Rf6 38. Qd5 Rbf7 39. h5 g6 40. Qe5 Rg7 41. hxg6+ Rfxg6 1-0